000 01010nas a2200325 4500
001 BR0302355
003 BR-BrBNA
005 20231205103755.0
007 ta
008 230509b bl.|||p| |||| 00| 00por d
040 _aBR-BrBNA
_bpor
_cBiblioteca Nacional de Agricultura
041 _a(Pt)
072 _aF30; F02; F04
100 1 _aMariot, C.H.P.
100 1 _aSilva, P.R.F. da
100 1 _aMenezes, V.G.
100 1 _aTeichmann, L.L.
245 1 _aResposta de duas cultivares de arroz irrigado à densidade de semeadura e à adubação nitrogenada
650 _aARROZ
650 _aGRÃO
650 _aCARACTERÍSTICAS AGRONÔMICAS
650 _aCOMPORTAMENTO DE VARIEDADE
650 _aDENSIDADE DE SEMEADURA
650 _aIRRIGAÇÃO
650 _aADUBAÇÃO
650 _aRESPOSTA DA PLANTA
773 0 _tPesquisa Agropecuária Brasileira (Brazil)
_xISSN 0100-204X
_g(Feb 2003), v. 38(2) p. 233-241
_wBR0302355
909 _a202311
_bLúcia
_c55
_dLúcia Elande
942 _2AGRIS
_n0
_cANA
999 _c174661
_d174661